000 00769nam a2200253Ia 4500
003 OSt
005 20220926022420.0
006 a|||||r|||| 00| 0
007 ta
008 220923b |||||||| |||| 00| 0 eng d
020 _a9111126207
037 _cGeneral Book
040 _aRTL
_cRTL
_beng
041 _2eng
_aeng
082 _aX:(G:55), P4
110 _aUnited Nations Conference on Trade and Development
_922209
245 0 _aManual for the preparers and users of eco-efficien
260 _aNew York
_bUnited Nations U. S. A.
_c2004
300 _a114p.
_ccm.
650 _aEnvironmental Economics
700 _aUnited Nations Conference on Trade and Development
_922210
942 _hX:(G:55), P4
_cGB
_2CC
999 _c639418
_d639418